| 000 | 00880nam a22002777a 4500 | ||
|---|---|---|---|
| 999 |
_c17728 _d17728 |
||
| 003 | AR-CdUCM | ||
| 008 | 190509b ||||| |||| 00| 0 spa d | ||
| 040 |
_aMUNICIPALIDAD PROVINCIAL DEL CUSCO _cBIBLIOTECA MUNICIPAL DEL CUSCO |
||
| 082 |
_a398.8561 / _bC18 |
||
| 100 |
_aCalvo C., Rossano _95422 |
||
| 245 | _aFolklore urbano del Qosqo / | ||
| 260 |
_aQosqo : _bMunicipalidad del Qosqo, _c1992. |
||
| 300 |
_a216 páginas ; _bFotografías, _c20 cm. |
||
| 505 | _aContenido: | ||
| 650 |
_aFolklore _91081 |
||
| 650 |
_aCusco _9772 |
||
| 650 |
_aCiencias sociales _91096 |
||
| 700 |
_aRoca W., Demetrio _937878 |
||
| 700 |
_aEscobar, Gabriel _914118 |
||
| 700 |
_aEscobar, Gloria _922345 |
||
| 700 |
_aHuayhuaca V., Luis _95540 |
||
| 700 |
_aNuñez del Prado, María L. _937879 |
||
| 700 |
_aFarfan M., Rozzana _937880 |
||
| 942 |
_2ddc _cLIBROS |
||
| 945 |
_apjha _d2019-05-15 |
||